00297 a2200109 4500001000700000020000600007040001100013100002300024240006800047245006300115362000900178168711 a  cMagnum aAlves, Jose Matias10aOrganizacao, gestao e projecto educativo das escolas - v.5lpor10aOrganizacao, gestao e projecto educativo das escolas - v.50 a1899